State of the world's forests, 1999. (Record no. 13384)

000 -LEADER
fixed length control field 00496cam a2200157ua 4500
040 ## - CATALOGING SOURCE
Transcribing agency MNP
082 ## - DEWEY DECIMAL CLASSIFICATION NUMBER
Classification number 634 FOO 1999 A044 Or.
245 00 - TITLE STATEMENT
Title State of the world's forests, 1999.
260 ## - PUBLICATION, DISTRIBUTION, ETC. (IMPRINT)
Place of publication Rome :
Name of publisher Food and Agriculture Organization of the United Nations,
Year of publication c1999.
300 ## - PHYSICAL DESCRIPTION
Number of Pages 154 p. :
Other physical details col. ill. ;
Dimensions 30 cm.
650 #0 - SUBJECT ADDED ENTRY--TOPICAL TERM
Topical Term Forest policy.
650 #0 - SUBJECT ADDED ENTRY--TOPICAL TERM
Topical Term Forest management.
650 #0 - SUBJECT ADDED ENTRY--TOPICAL TERM
Topical Term Forests and forestry.
710 2# - ADDED ENTRY--CORPORATE NAME
Corporate name or jurisdiction name as entry element Food and Agriculture Organization of the United Nations.
942 ## - ADDED ENTRY ELEMENTS (KOHA)
Koha item type សៀវភៅភាសាអង់គ្លេស
952 ## - LOCATION AND ITEM INFORMATION (KOHA)
Withdrawn status [LOCAL, KOHA] 0
Holdings
Permanent Location Date acquired Koha item type Lost status Shelving location Barcode Current Location Full call number
Library Block A2017-08-25សៀវភៅភាសាអង់គ្លេស A044A19642Library Block A634 FOO 1999 A044 Or.
មជ្ឈមណ្ឌលឯការនៃសាកលវិទ្យាល័យភូមិន្ទកសិកម្មចំការដូង

Powered by Koha